000 00597nam a2200181Ia 4500
003 GCL
008 140319s9999 xx 000 0 ara d
040 _aGCL /
_cGCL
082 0 4 _a150
_bم ع
100 1 _aمحمود السيد ابوالنيل
245 1 0 _aعلم النفس الصناعى: بحوث عربية وعالمية /
_cمحمود السيد ابوالنيل
300 _a687
490 _aسلسلة علم النفس
_v0
650 0 4 _aعلم النفس الصناعى
650 0 4 _aالجوانب النفسية
650 0 4 _aالاجتماع الصناعى
942 _2ddc
_cBK
999 _c42731
_d42731